|
|
|
|
| LEADER |
01691nam a2200397 a 4500 |
| 001 |
35396 |
| 003 |
BD-DhAAL |
| 005 |
20211129153217.0 |
| 008 |
190912t1997 nyua b 001 0aeng d |
| 999 |
|
|
|c 41235
|d 41235
|
| 010 |
|
|
|a 96005766
|
| 020 |
|
|
|a 0471122513 (alk. paper)
|
| 040 |
|
|
|a DLC
|c DLC
|d DLC
|d BD-DhAAL
|
| 043 |
|
|
|a n-us-ms
|
| 050 |
0 |
0 |
|a E185.97.E93
|b A3 1997
|
| 082 |
0 |
0 |
|a 323.092
|2 20
|
| 100 |
1 |
|
|a Evers, Charles,
|d 1922-
|9 34537
|
| 245 |
1 |
0 |
|a Have no fear :
|b the Charles Evers story /
|c Charles Evers and Andrew Szanton.
|
| 260 |
|
|
|a New York :
|b J. Wiley & Sons,
|c c1997.
|
| 300 |
|
|
|a xviii, 333 pages :
|b illustrations ;
|c 25 cm.
|
| 500 |
|
|
|a "A Robert L. Bernstein book."
|
| 504 |
|
|
|a Includes bibliographical references (pages 313-316) and index.
|
| 526 |
|
|
|a BIED
|
| 541 |
|
|
|a Complimentary copy from BIED
|e 35396
|
| 600 |
1 |
0 |
|a Evers, Charles,
|d 1922-
|9 34537
|
| 650 |
|
0 |
|a Civil rights workers
|z Mississippi
|v Biography.
|9 34538
|
| 650 |
|
0 |
|a African American politicians
|z Mississippi
|v Biography.
|9 34539
|
| 650 |
|
0 |
|a Politicians
|z Mississippi
|v Biography.
|9 34540
|
| 650 |
|
0 |
|a Civil rights movements
|z Mississippi
|x History
|y 20th century.
|9 34541
|
| 650 |
|
0 |
|a African Americans
|x Civil rights
|z Mississippi.
|9 34542
|
| 651 |
|
0 |
|a Mississippi
|x Race relations.
|9 34543
|
| 651 |
|
0 |
|a Mississippi
|x Politics and government
|y 1951-
|9 34544
|
| 700 |
1 |
|
|a Szanton, Andrew.
|9 34545
|
| 852 |
|
|
|a Ayesha Abed Library
|c BIED Collection
|
| 942 |
|
|
|2 ddc
|c BK
|
| 952 |
|
|
|0 0
|1 0
|2 ddc
|4 0
|6 323_092000000000000_EVE
|7 0
|9 66285
|a BRACUL
|b BRACUL
|c GEN
|d 2019-09-12
|e Complimentary copy from BIED
|l 0
|o 323.092 EVE
|p 3010035396
|r 2019-09-12
|t 1
|w 2019-09-12
|y BK
|x Transferred from BIED to General Stacks
|